000 00516nam a2200181 i 4500
001 79423
003 ES-MaACL
005 20230906173956.0
007 t|
008 041021s1913 mx ||||1| spa d
100 1 _aHernández, Fortunato.
_962812
245 1 0 _aMás allá del desastre
_b: artículos originales inéditos) /
_cFortunato Hernández.
260 _aMéxico :
_b[s.n.,
_c1913]
300 _a196 p. ;
_c22 cm.
852 _aES-MaACL
_jF-8357
852 _aES-MaACL
_jT-1393-F-4
999 _c79423
_d79423